7000-meter peaks - Statistics

General Stats
  • This quiz has been taken 8 times
  • The average score is 12 of 113
Answer Stats
Height Mountain Range Answer % Correct
7952 Karakoram Gasherbrum III
75%
7932 Karakoram Gasherbrum IV
75%
7937 Himalaya Annapurna II
63%
7555 Himalaya Annapurna III
63%
7861 Himalaya Nuptse
63%
7893 Himalaya Himalchuli
50%
7821 Karakoram Masherbrum
50%
7525 Himalaya Annapurna IV
38%
7795 Karakoram Batura Sar
38%
7665 Karakoram Chogolisa
38%
7885 Karakoram Distaghil Sar
38%
7147 Karakoram Gasherbrum V
38%
7495 Pamir Ismoil Somoni Peak
38%
7710 Himalaya Jannu
38%
7282 Karakoram K6
38%
7010 Tian Shan Khan Tengri
38%
7227 Himalaya Langtang Lirung
38%
7492 Hindu Kush Noshaq
38%
7788 Karakoram Rakaposhi
38%
7690 Hindu Kush Tirich Mir
38%
7455 Himalaya Gangapurna
25%
7570 Himalaya Gangkar Puensum
25%
7952 Himalaya Gyachung Kang
25%
7205 Himalaya Langtang Ri
25%
7453 Karakoram Muchu Chhish
25%
7871 Himalaya Ngadi Chuli
25%
7219 Himalaya Annapurna South
13%
7285 Karakoram Baintha Brakk
13%
7428 Karakoram K12
13%
7134 Pamir Lenin Peak
13%
7140 Himalaya Nemjung
13%
7672 Karakoram Saser Kangri
13%
7132 Himalaya Api
0%
7245 Karakoram Apsarasas Kangri
0%
7312 Karakoram Baltoro Kangri
0%
7162 Himalaya Baruntse
0%
7762 Karakoram Batura II
0%
7729 Karakoram Batura III
0%
7594 Karakoram Batura IV
0%
7329 Karakoram Bojohagur Duanasir
0%
7319 Himalaya Chamlang
0%
7583 Himalaya Changtse
0%
7138 Himalaya Chaukhamba
0%
7554 Karakoram Chogolisa II
0%
7314 Himalaya Chomolhari
0%
7804 Himalaya Chomo Lonzo
0%
7257 Karakoram Diran
0%
7066 Himalaya Dunagiri
0%
7134 Himalaya Gauri Sankar
0%
7401 Karakoram Ghent Kangri
0%
7350 Himalaya Gimmigela Chuli
0%
7556 Daxue Shan Gongga Shan
0%
7694 Himalaya Gurla Mandhata
0%
7294 Himalaya Gyala Peri
0%
7397 Karakoram Haramosh Peak
0%
7151 Himalaya Hardeol
0%
7403 Hindu Kush Istor-o-Nal
0%
7439 Tian Shan Jengish Chokusu
0%
7394 Himalaya Kabru
0%
7756 Himalaya Kamet
0%
7281 Himalaya Kangpenqing
0%
7204 Himalaya Kangphu Kang
0%
7060 Himalaya Kangto
0%
7790 Karakoram Kanjut Sar
0%
7038 Karakoram Kezhen Peak
0%
7213 Himalaya Khartaphu
0%
7852 Karakoram Khunyang Chhish
0%
7365 Himalaya Kirat Chuli
0%
7719 Kunlun Kongur Tagh
0%
7105 Pamir Korzhenevskaya
0%
7554 Himalaya Kula Kangri
0%
7367 Himalaya Labuche Kang
0%
7535 Himalaya Liankang Kangri
0%
7167 Kunlun Liushi Shan
0%
7095 Himalaya Lunpo Gangri
0%
7458 Karakoram Malubiting
0%
7516 Karakoram Mamostong Kangri
0%
7272 Himalaya Mana Peak
0%
7181 Himalaya Melungtse
0%
7710 Himalaya Molamenqing
0%
7546 Kongur Tagh Muztagh Ata
0%
7273 Karakoram Muztagh Tower
0%
7782 Himalaya Namcha Barwa
0%
7816 Himalaya Nanda Devi
0%
7135 Karakoram Nun Kun
0%
7047 Himalaya Nyegyi Kansang
0%
7476 Karakoram Passu Sar
0%
7128 Himalaya Pauhunri
0%
7292 Himalaya Porong Ri
0%
7492 Karakoram Pumari Chhish
0%
7161 Himalaya Pumori
0%
7385 Karakoram Rimo I
0%
7742 Karakoram Saltoro Kingri
0%
7075 Himalaya Satopanth
0%
7038 Hindu Kush Shah Dhar
0%
7380 Karakoram Sherpi Kangri
0%
7611 Karakoram Shispare
0%
7422 Karakoram Sia Kangri
0%
7308 Himalaya Siguang Ri
0%
7597 Himalaya Silberzacken
0%
7360 Karakoram Skil Brum
0%
7545 Karakoram Skyang Kangri
0%
7027 Karakoram Spantik
0%
7295 Karakoram The Crown
0%
7134 Himalaya Tilicho Peak
0%
7074 Himalaya Tirsuli
0%
7207 Himalaya Tongshanjiabu
0%
7120 Himalaya Trisul
0%
7577 Karakoram Trivor
0%
7410 Hindu Kush Udren Zom
0%
7388 Karakoram Ultar
0%
7530 Karakoram Yukshin Gardan Sar
0%
7283 Karakoram Yutmaru Sar
0%
No matching quizzes found
Score Distribution
Percent of People with Each Score
Percentile by Number Answered
Your Score History
You have not taken this quiz